[Event "PNWCC Online blitz JP 9th"]
[Site "Chess.com INT"]
[Date "2020.05.09"]
[Round "10"]
[White "Tu, Lawrence"]
[Black "Tansen, Narein"]
[Result "0-1"]
[WhiteElo "1554"]
[BlackElo "1342"]
[PlyCount "84"]
[EventDate "2020.05.09"]
[EventType "swiss (blitz)"]
[EventRounds "11"]
[EventCountry "USA"]
[SourceTitle "CBM 196 Extra"]
[Source "ChessBase"]
[SourceDate "2020.07.31"]
[SourceVersion "1"]
[SourceVersionDate "2020.07.31"]
[SourceQuality "1"]

1. c4 Nf6 2. Nc3 e6 3. e4 d5 4. e5 d4 5. exf6 dxc3 6. bxc3 Qxf6 7. d4 c5 8. Nf3 cxd4 9. Bg5 Qf5 10. cxd4 Bb4+ 11. Bd2 Qa5 12. Be2 0-0 13. 0-0 Bxd2 14. Qxd2 Qxd2 15. Nxd2 Nc6 16. Ne4 Nxd4 17. Bd3 b6 18. Rad1 Bb7 19. Nd6 Bc6 20. Bxh7+ Kxh7 21. Rxd4 Rad8 22. Rfd1 e5 23. R4d3 Rd7 24. Nf5 Rxd3 25. Rxd3 Be4 26. Rh3+ Kg6 27. Ne3 f5 28. Nd5 Bxd5 29. cxd5 Rd8 30. Rd3 Kf6 31. f3 e4 32. fxe4 fxe4 33. Re3 Ke5 34. Rg3 Kf5 35. Rxg7 Rxd5 36. Rxa7 e3 37. Kf1 Ke4 38. Ra4+ Kd3 39. Ra3+ Kd2 40. Rxe3 Kxe3 41. g4 Kf4 42. h3 Kg3 0-1

[Event "PNWCC Online blitz JP 8th"]
[Site "Chess.com INT"]
[Date "2020.05.02"]
[Round "9"]
[White "Tu, Lawrence"]
[Black "Modi, Ethan"]
[Result "1-0"]
[WhiteElo "1554"]
[BlackElo "1786"]
[PlyCount "73"]
[EventDate "2020.05.02"]
[EventType "swiss (blitz)"]
[EventRounds "11"]
[EventCountry "USA"]
[SourceTitle "CBM 195 Extra"]
[Source "ChessBase"]
[SourceDate "2020.05.31"]
[SourceVersion "1"]
[SourceVersionDate "2020.05.31"]
[SourceQuality "1"]

1. c4 Nf6 2. Nc3 g6 3. d4 d5 4. cxd5 Nxd5 5. e4 Nxc3 6. bxc3 Bg7 7. Nf3 c5 8. Be3 Bg4 9. Be2 Bxf3 10. Bxf3 cxd4 11. cxd4 Nc6 12. Qa4 0-0 13. Rd1 Qa5+ 14. Qxa5 Nxa5 15. 0-0 Rfd8 16. e5 Nc4 17. Bxb7 Rab8 18. Ba6 Nxe3 19. fxe3 Bh6 20. Rf3 Rb2 21. Bc4 e6 22. Bb3 Bg7 23. Rc1 a5 24. Rc7 Rf8 25. Ra7 h5 26. Rxa5 h4 27. Rc5 Bh6 28. h3 Rb1+ 29. Kh2 Re1 30. Rc3 Re2 31. a4 Rb8 32. a5 Ra8 33. a6 Rxa6 34. Rc8+ Kg7 35. Bc4 Raa2 36. Bxa2 Rxa2 37. Rc7 1-0

[Event "PNWCC Online blitz JP 8th"]
[Site "Chess.com INT"]
[Date "2020.05.02"]
[Round "5"]
[White "Tu, Lawrence"]
[Black "Myers, Dominique"]
[Result "0-1"]
[WhiteElo "1554"]
[BlackElo "1990"]
[PlyCount "96"]
[EventDate "2020.05.02"]
[EventType "swiss (blitz)"]
[EventRounds "11"]
[EventCountry "USA"]
[SourceTitle "CBM 195 Extra"]
[Source "ChessBase"]
[SourceDate "2020.05.31"]
[SourceVersion "1"]
[SourceVersionDate "2020.05.31"]
[SourceQuality "1"]

1. c4 Nf6 2. Nc3 e5 3. Nf3 Nc6 4. g3 Bc5 5. Bg2 d6 6. 0-0 a6 7. e3 Ba7 8. d4 0-0 9. d5 Ne7 10. e4 h6 11. Qe2 Bg4 12. h3 Bd7 13. Be3 Qc8 14. Kh2 b5 15. Bxa7 Rxa7 16. cxb5 axb5 17. a3 Qb7 18. Nd2 Rfa8 19. f4 Ng6 20. Rac1 b4 21. axb4 Qxb4 22. f5 Ne7 23. Nc4 c6 24. Ne3 cxd5 25. Nexd5 Nexd5 26. Nxd5 Nxd5 27. exd5 Ra2 28. Rc2 Bb5 29. Qf2 Bxf1 30. Bxf1 R8a5 31. Bg2 Rc5 32. Re2 Rc1 33. f6 Rb1 34. fxg7 Rbxb2 35. Rxb2 Rxb2 36. Qf3 Qd2 37. h4 f5 38. Kh3 Qxg2+ 39. Qxg2 Rxg2 40. Kxg2 Kxg7 41. Kf3 h5 42. Ke3 Kf6 43. Kd3 Ke7 44. Kc4 Kd7 45. Kb5 e4 46. Kc4 Kc7 47. Kd4 Kb6 48. Ke3 Kc5 0-1

[Event "PNWCC Online blitz JP 2nd"]
[Site "Chess.com INT"]
[Date "2020.03.21"]
[Round "1"]
[White "Hong, Andrew Z"]
[Black "Tu, Lawrence"]
[Result "1-0"]
[WhiteElo "2444"]
[BlackElo "1554"]
[PlyCount "53"]
[EventDate "2020.03.21"]
[EventType "swiss (blitz)"]
[EventRounds "11"]
[EventCountry "USA"]
[SourceTitle "CBM 195 Extra"]
[Source "ChessBase"]
[SourceDate "2020.05.31"]
[SourceVersion "1"]
[SourceVersionDate "2020.05.31"]
[SourceQuality "1"]

1. e4 c5 2. Nf3 d6 3. Nc3 Nc6 4. d4 cxd4 5. Nxd4 a6 6. Bg5 Nf6 7. Qd2 e6 8. 0-0-0 Be7 9. f4 Bd7 10. Nf3 b5 11. Bxf6 gxf6 12. f5 Qc7 13. Kb1 Rc8 14. Bd3 Ne5 15. Ne2 Nxf3 16. gxf3 b4 17. Nf4 a5 18. Qe2 Qc5 19. b3 Qc3 20. Bc4 Qe5 21. Nh5 exf5 22. Rd5 Qc3 23. exf5 Bc6 24. Rd3 Qe5 25. Re3 Qxf5 26. Ng7+ Kf8 27. Nxf5 1-0